| 000 | 00651nas a2200217 4500 | ||
|---|---|---|---|
| 001 | BR7302453 | ||
| 003 | BR-BrBNA | ||
| 005 | 20231205082431.0 | ||
| 007 | ta | ||
| 008 | 230509b bl.|||p| |||| 00| 00por d | ||
| 040 |
_aBR-BrBNA _bpor _cBiblioteca Nacional de Agricultura |
||
| 041 | _a(Pt) | ||
| 072 | _aF70; F50 | ||
| 100 | 1 | _aToledo, J.F. | |
| 245 | 1 | _aDuas novas especies brasileiras de Begonia L. | |
| 650 | _aBEGONIA | ||
| 650 | _aTAXONOMIA VEGETAL | ||
| 773 | 0 |
_tArquivos de Botanica do Estado de Sao Paulo (Brazil) _xISSN 0374-5031 _g(1946), v. 2(3) p. 61-63 _wBR7302453 |
|
| 909 |
_a202311 _bLúcia _c55 _dLúcia Elande |
||
| 942 |
_2AGRIS _n0 _cANA |
||
| 999 |
_c91771 _d91771 |
||